书目信息 |
| 题名: |
漫画设计
|
|
| 作者: | 王剑白 , 丁剑超 主编 ;李翔 编著 | |
| 分册: | ||
| 出版信息: | 北京 中国水利水电出版社 2009.03 |
|
| 页数: | 188页 | |
| 开本: | 28cm | |
| 丛书名: | 电脑美术与艺术设计实例教程丛书 | |
| 单 册: | ||
| 中图分类: | J218.2 | |
| 科图分类: | ||
| 主题词: | 漫画--技法(美术)--教材 | |
| 电子资源: | ||
| ISBN: | 978-7-5084-6129-8 | |
| 000 | 01309nam 2200277 450 | |
| 001 | 0011166084 | |
| 005 | 20100806151752.09 | |
| 010 | @a978-7-5084-6129-8@dCNY49.00 (含光盘) | |
| 010 | @a978-7-89501-024-6@b光盘 | |
| 100 | @a20100515d2009 em y0chiy0110 ea | |
| 101 | 0 | @achi |
| 102 | @aCN@b110000 | |
| 105 | @aa z 000yy | |
| 200 | 1 | @a漫画设计@Aman hua she ji@f丁剑超,王剑白主编@g李翔编著 |
| 210 | @a北京@c中国水利水电出版社@d2009.03 | |
| 215 | @a188页@c图@d28cm@e光盘1片 | |
| 225 | 2 | @a电脑美术与艺术设计实例教程丛书 |
| 330 | @a本书综合了以往同类图书的优点,从基础人手,介绍了国内外漫画文化的发展历程,并且提供大量的漫画实例作为参考,使读者在欣赏优秀作品的同时对漫画的设计过程能有更系统、更全面的了解。垒书共分为4章,内容包括漫画设计概述.漫画设计基础、漫画设计实例、故事版新漫画赏析。书中文字介绍全面, 言简意骸,示例作品风格迥异,内容丰富多彩,图文并茂。书中对经典实例加以评述,更有利于学生的学习和欣赏。此外,近200张经典的漫画作品及作品设计讲评,使漫画设计理论与创作实践紧密结合,图文并茂、相得益彰。 | |
| 410 | 0 | @12001 @a电脑美术与艺术设计实例教程丛书 |
| 606 | 0 | @a漫画@x技法(美术)@j教材 |
| 690 | @aJ218.2@v4 | |
| 701 | 0 | @a王剑白@Awang jian bai@4主编 |
| 701 | 0 | @a丁剑超@Ading jian chao@4主编 |
| 702 | 0 | @a李翔@Ali xiang@4编著 |
| 801 | 0 | @aCN@c20100515 |
| 905 | @dJ218.2@eD530@f5 | |
| 漫画设计/丁剑超,王剑白主编/李翔编著.-北京:中国水利水电出版社,2009.03 |
| 188页:图;28cm+光盘1片.-(电脑美术与艺术设计实例教程丛书) |
| ISBN 978-7-5084-6129-8:CNY49.00 (含光盘) |
| 本书综合了以往同类图书的优点,从基础人手,介绍了国内外漫画文化的发展历程,并且提供大量的漫画实例作为参考,使读者在欣赏优秀作品的同时对漫画的设计过程能有更系统、更全面的了解。垒书共分为4章,内容包括漫画设计概述.漫画设计基础、漫画设计实例、故事版新漫画赏析。书中文字介绍全面, 言简意骸,示例作品风格迥异,内容丰富多彩,图文并茂。书中对经典实例加以评述,更有利于学生的学习和欣赏。此外,近200张经典的漫画作品及作品设计讲评,使漫画设计理论与创作实践紧密结合,图文并茂、相得益彰。 |
| ● |
| 相关链接 |
|
|
|
正题名:漫画设计
索取号:J218.2/D530
 
预约/预借
| 序号 | 登录号 | 条形码 | 馆藏地/架位号 | 状态 | 备注 |
| 1 | 998840 | 209988405 | 社科库309/309社科库 72排3列5层/ [索取号:J218.2/D530] | 在馆 | |
| 2 | 998841 | 209988414 | 自科二线404/309社科库 72排4列1层/ [索取号:J218.2/D530] | 在馆 | |
| 3 | 998842 | 209988423 | 社科库309/309社科库 72排3列5层/ [索取号:J218.2/D530] | 在馆 | |
| 4 | 998843 | 209988432 | 自科二线404/309社科库 72排4列1层/ [索取号:J218.2/D530] | 在馆 | |
| 5 | 998844 | 209988441 | 自科二线404/309社科库 72排4列1层/ [索取号:J218.2/D530] | 在馆 |